Making the Team, Global Edition : (Record no. 596496)

MARC details
000 -LEADER
fixed length control field 00466nam a2200193 a 4500
008 - FIXED-LENGTH DATA ELEMENTS--GENERAL INFORMATION
fixed length control field 251107s2014##################000#0#eng##
020 ## - INTERNATIONAL STANDARD BOOK NUMBER
ISBN 9781292060781
082 04 - DEWEY DECIMAL CLASSIFICATION NUMBER
Classification number 658.4022
Item number THO
100 1# - MAIN ENTRY--AUTHOR NAME
Personal name Thompson, Leigh L.,
245 10 - TITLE STATEMENT
Title Making the Team, Global Edition :
260 ## - PUBLICATION, DISTRIBUTION, ETC. (IMPRINT)
Year of publication 2014.
300 ## - PHYSICAL DESCRIPTION
Number of Pages 480 pages
650 #0 - SUBJECT ADDED ENTRY--TOPICAL TERM
Topical Term Leadership.
942 ## - ADDED ENTRY ELEMENTS (KOHA)
Koha item type English Books
Holdings
Withdrawn status Lost status Damaged status Not for loan Home library Current library Shelving location Date acquired Full call number Accession Number Price effective from Koha item type
        Anna Centenary Library Anna Centenary Library 6TH FLOOR, A WING 07.11.2025 658.4022 THO 583673 07.11.2025 English Books

Find us on the map